The history and practice of ancient astronomy / (Record no. 29425)

000 -LEADER
fixed length control field 00566 a2200169 4500
020 ## - INTERNATIONAL STANDARD BOOK NUMBER
International Standard Book Number 0195095391
020 ## - INTERNATIONAL STANDARD BOOK NUMBER
International Standard Book Number 9780195095395
082 04 - DEWEY DECIMAL CLASSIFICATION NUMBER
Classification number 520.938
090 ## - LOCALLY ASSIGNED LC-TYPE CALL NUMBER (OCLC); LOCAL CALL NUMBER (RLIN)
-- 801
-- 801
100 1# - MAIN ENTRY--PERSONAL NAME
Personal name Evans, James.
245 14 - TITLE STATEMENT
Title The history and practice of ancient astronomy /
Statement of responsibility, etc. James Evans.
260 ## - PUBLICATION, DISTRIBUTION, ETC.
Place of publication, distribution, etc. [S.l.] :
Name of publisher, distributor, etc. Oxford University Press, USA,
Date of publication, distribution, etc. 1998.
300 ## - PHYSICAL DESCRIPTION
Extent 496 p. ;
Dimensions 29 cm.
700 ## - ADDED ENTRY--PERSONAL NAME
Personal name Evans, James.
942 ## - ADDED ENTRY ELEMENTS (KOHA)
Institution code [OBSOLETE] SNS
Koha item type Book
Call number prefix 520.938 EVA
Holdings
Withdrawn status Lost status Damaged status Not for loan Permanent Location Current Location Date acquired Total Checkouts Full call number Barcode Date last seen Price effective from Koha item type
        School of Natural Sciences (SNS) School of Natural Sciences (SNS) 05/26/2016   520.938 EVA SNS0000968 05/26/2016 05/26/2016 Book
© 2023 Central Library, National University of Sciences and Technology. All Rights Reserved.